| 000 | 00697nam a2200217 a 4500 | ||
|---|---|---|---|
| 001 | BRCA_4118 | ||
| 005 | 20190320204542.0 | ||
| 008 | 120410s1879----sp-#######---#000-0#spa-# | ||
| 041 | _aspa | ||
| 044 | _asp | ||
| 050 | 4 |
_aF1233 _b.F47 1879 |
|
| 100 | 1 |
_aFernández de Cañedo, Manuel _910649 |
|
| 245 | 1 | 0 |
_aLos guerrilleros del valle de Méjico _brecuerdos del reinado de Maximiliano de Hapsburgo : novela original _cpor Manuel Fernández de Cañedo. |
| 260 |
_aMadrid _bVíctor Saiz _c1879 |
||
| 300 |
_a262 p. _c19 cm. |
||
| 500 | _aC146 | ||
| 650 | 1 | 4 |
_aLiteratura mexicana _910506 |
| 651 | 4 |
_aMéxico _xHistoria _yIntervención francesa, 1861-1867 _910650 |
|
| 902 | _aGFM | ||
| 942 |
_2lcc _cB |
||
| 999 |
_c3834 _d3834 |
||